Country Names Without Vowels #2 - Medium - Statistics

General Stats
  • This quiz has been taken 28 times
  • The average score is 19 of 20
Answer Stats
Name Country % Correct
FJ Fiji
100%
GHN Ghana
100%
KWT Kuwait
100%
LTV Latvia
100%
LSTH Lesotho
100%
RMN Romania
100%
SNGPR Singapore
100%
SML Somalia
100%
ZMB Zambia
100%
BLRS Belarus
96%
GBN Gabon
96%
MCDN Macedonia
96%
MNGL Mongolia
96%
MRCC Morocco
96%
NPL Nepal
96%
PR Peru
96%
SDN Sudan
96%
MLT Malta
92%
MNC Monaco
85%
SRL Israel
62%
No matching quizzes found
Score Distribution
Percent of People with Each Score
Percentile by Number Answered
Your Score History
You have not taken this quiz